The digitized imagination / (Record no. 27773)
[ view plain ]
| 000 -LEADER | |
|---|---|
| fixed length control field | 02437cam a22003615a 4500 |
| 005 - DATE AND TIME OF LATEST TRANSACTION | |
| control field | 2009062207487.0 |
| 008 - FIXED-LENGTH DATA ELEMENTS--GENERAL INFORMATION | |
| fixed length control field | 090324s2009 ii a b 001 0 eng |
| 010 ## - LCCN (DPL NO) | |
| LC control number | ENG-94183 |
| 020 ## - INTERNATIONAL STANDARD BOOK NUMBER | |
| International Standard Book Number | 9780415492867 |
| Terms of availability | 595.00 |
| 035 ## - SYSTEM CONTROL NUMBER | |
| System control number | EN-77716 |
| 035 ## - SYSTEM CONTROL NUMBER | |
| System control number | B-361868-873 |
| 037 ## - SOURCE OF ACQUISITION | |
| Source of stock number/acquisition | DBAD / PUB |
| 037 ## - SOURCE OF ACQUISITION | |
| Source of stock number/acquisition | Uppal Book Store |
| 040 ## - CATALOGING SOURCE | |
| Original cataloging agency | dpl |
| Language of cataloging | English |
| 082 ## - DEWEY DECIMAL CLASSIFICATION NUMBER | |
| Classification number | 302.231 |
| 245 ## - TITLE STATEMENT | |
| Title | The digitized imagination / |
| Statement of responsibility, etc | edited by Nalini Rajan |
| 260 ## - PUBLICATION, DISTRIBUTION, ETC. (IMPRINT) | |
| Place of publication, distribution, etc | New Delhi |
| Name of publisher, distributor, etc | Routledge |
| Date of publication, distribution, etc | 2009 |
| 270 ## - ADDRESS | |
| Address | 912-915 Tolstory House, 15-17 Tolstoy Marg |
| City | New Delhi |
| Postal code | 110001 |
| 300 ## - PHYSICAL DESCRIPTION | |
| Extent | vi, 175 p. : |
| Other physical details | ill. ; |
| Dimensions | 23cm(Hb) |
| 500 ## - GENERAL NOTE | |
| General note | Includes bibliographical references and index |
| 650 ## - SUBJECT ADDED ENTRY--TOPICAL TERM | |
| Topical term or geographic name as entry element | Digital media |
| General subdivision | Social aspects |
| Geographic subdivision | India. |
| 650 ## - SUBJECT ADDED ENTRY--TOPICAL TERM | |
| Topical term or geographic name as entry element | Information technology |
| General subdivision | Social aspects |
| Geographic subdivision | India. |
| 700 ## - ADDED ENTRY--PERSONAL NAME | |
| Personal name | Rajan, Nalini |
| 942 ## - ADDED ENTRY ELEMENTS (KOHA) | |
| Source of classification or shelving scheme | Dewey Decimal Classification |
| Item type | English Books |
| Call number suffix | DIG |
| Classification part | 302.231 |
| Withdrawn status | Lost status | Source of classification or shelving scheme | Damaged status | Not for loan | Collection code | Home library | Current library | Date acquired | Source of acquisition | Cost, normal purchase price | Total Checkouts | Full call number | Barcode | Date last seen | Copy number | Cost, replacement price | Koha item type |
|---|---|---|---|---|---|---|---|---|---|---|---|---|---|---|---|---|---|
| Dewey Decimal Classification | Central Library | Central Library | 08/03/2010 | Uppal Book Store/9020/30.1.09/138/16.10.09/30.10.09 | 595.00 | 302.231 DIG | B-361868 | 08/03/2010 | 1 | 595.00 | English Books | ||||||
| Dewey Decimal Classification | Not For Loan | Non-fiction | D.B.Act.Division | D.B.Act.Division | 22/06/2009 | DBAD / PUB | 595.00 | 302.231 DIG | EN-77716 | 22/06/2009 | 1 | 595.00 | English Books | ||||
| Dewey Decimal Classification | Karol Bagh | Karol Bagh | 08/03/2010 | Uppal Book Store/9020/30.1.09/138/16.10.09/30.10.09 | 595.00 | 302.231 DIG | B-361872 | 08/03/2010 | 1 | 595.00 | English Books | ||||||
| Dewey Decimal Classification | Patel Nagar | Patel Nagar | 08/03/2010 | Uppal Book Store/9020/30.1.09/138/16.10.09/30.10.09 | 595.00 | 302.231 DIG | B-361869 | 08/03/2010 | 1 | 595.00 | English Books | ||||||
| Dewey Decimal Classification | Sarojini Nagar | Sarojini Nagar | 08/03/2010 | Uppal Book Store/9020/30.1.09/138/16.10.09/30.10.09 | 595.00 | 302.231 DIG | B-361870 | 08/03/2010 | 1 | 595.00 | English Books | ||||||
| Dewey Decimal Classification | Shahdara Branch | Shahdara Branch | 08/03/2010 | Uppal Book Store/9020/30.1.09/138/16.10.09/30.10.09 | 595.00 | 302.231 DIG | B-361873 | 08/03/2010 | 1 | 595.00 | English Books | ||||||
| Dewey Decimal Classification | Vinoba Puri | Vinoba Puri | 08/03/2010 | Uppal Book Store/9020/30.1.09/138/16.10.09/30.10.09 | 595.00 | 302.231 DIG | B-361871 | 08/03/2010 | 1 | 595.00 | English Books |
